000 00911nac a22002897a 4500
001 BR8402101
003 BR-BrBNA
005 20240105120002.0
008 230509b bl.|||m| |||| 00| 0 por d
040 _aBR-BrBNA
_bpor
_cBiblioteca Nacional de Agricultura
072 _aF25
090 _a0336 BR8402101
100 1 _aBairrao, J.F.M.
100 1 _aOliveira, E.F. de
110 1 _aOrganizacao das Cooperativas do Estado do Parana, Cascavel (Brasil)
_97725
245 1 _aEfeito residual da calagem na sucessao soja/trigo [Parana, Brasil]
260 3 _aCascavel, PR (Brasil):
_c1984.
300 _a5 p.
490 _aInforme Tecnico - Organizacao das Cooperativas do Estado do Parana (Brazil)
_vv. 5(7)
_x
650 _aTRIGO
650 _aSOJA
650 _aEFEITO RESIDUAL
650 _aCALAGEM
650 _aPARANA
909 _a202312
_bLúcia Elande
_c55
_dLúcia Elande
942 _2AGRIS
_n0
_cMS
999 _c277376
_d277376